Sports Quiz

Random Sports or WWE Quiz
Score 0/40 Timer 03:00
0 Plays Today
Event Main Event % Correct
No Way Out 1998Triple H
99.5%
No Way Out 2000Triple H
99.5%
No Way Out 2008Triple H
99.5%
No Way Out 2006Undertaker
97.3%
No Way Out 2007Undertaker
97.3%
No Way Out 1998Steve Austin
96.8%
No Way Out 2002Steve Austin
96.8%
No Way Out 2001The Rock
95.2%
No Way Out 2003The Rock
95.2%
No Way Out 2007John Cena
95.2%
No Way Out 2009John Cena
95.2%
No Way Out 2012John Cena
95.2%
No Way Out 2005Big Show
90.4%
No Way Out 2012Big Show
90.4%
No Way Out 2002Chris Jericho
89.4%
No Way Out 2008Chris Jericho
89.4%
No Way Out 2009Chris Jericho
89.4%
No Way Out 2001Kurt Angle
88.3%
No Way Out 2006Kurt Angle
88.3%
No Way Out 2007Shawn Michaels
86.7%
Event Main Event % Correct
No Way Out 2008Shawn Michaels
86.7%
No Way Out 2007Batista
86.2%
No Way Out 2005JBL
85.6%
No Way Out 2008JBL
85.6%
No Way Out 2009Kane
85.6%
No Way Out 2004Brock Lesnar
84.6%
No Way Out 1998Cactus Jack
84%
No Way Out 2000Cactus Jack
84%
No Way Out 2009Edge
83%
No Way Out 2004Eddie Guerrero
80.9%
No Way Out 2003Hulk Hogan
76.6%
No Way Out 2008Jeff Hardy
76.1%
No Way Out 2009Rey Mysterio
70.2%
No Way Out 1998Road Dogg
67.6%
No Way Out 1998Owen Hart
66.5%
No Way Out 1998Billy Gunn
66%
No Way Out 2008Umaga
56.9%
No Way Out 1998Savio Vega
51.1%
No Way Out 1998Chainsaw Charlie
50.5%
No Way Out 2009Mike Knox
48.9%
Remove Ads.
Support Sporcle.
Get the best of Sporcle when you Go Orange. This ad-free experience offers more features, more stats, and more fun while also helping to support Sporcle. Thank you for becoming a member.

You're not logged in!

Compare scores with friends on all Sporcle quizzes.
OR
Log In

Show Comments

Extras

Created Jul 9, 2012ReportNominate
Tags:WWE Quiz, Event

Top Quizzes Today


Score Distribution

Your Account Isn't Verified!

In order to create a playlist on Sporcle, you need to verify the email address you used during registration. Go to your Sporcle Settings to finish the process.

Report this User

Report this user for behavior that violates our Community Guidelines.

Details: